000 00687cam a22002411 4500
999 _c7574
_d7574
001 9820339
003 GBCCL
005 20241126110631.0
008 750702s1958 xx 000 0 eng
010 _a 58042573
035 _a(OCoLC)1425415
040 _aDLC
_cFO
_dDLC
042 _apremarc
050 0 0 _aBF636
_b.N27
082 _a150.13
_bNAR
100 1 _aNarramore, Clyde M.
_q(Clyde Maurice),
_d1916-
_97042
245 1 0 _aThis way to happiness;
_bpsychology for living.
260 _aBombay:
_bGospel literature service,
_c1971.
300 _a119 p.
_c21 cm.
650 0 _aPsychology, Applied.
_92874
906 _a7
_bcbc
_coclcrpl
_du
_encip
_f19
_gy-gencatlg
942 _2ddc
_cBK